| 000 | 00393nam a22001697a 4500 | ||
|---|---|---|---|
| 003 | OSt | ||
| 008 | 230509b |||||||| |||| 00| 0 eng d | ||
| 020 | _a9788195379590 | ||
| 082 | _a954.035092 SIW | ||
| 100 | _aSINGH,Bhagat | ||
| 245 | _aWhy i am an Atheist | ||
| 250 | _a1st Ed | ||
| 260 |
_aNew Delhi _bLexicon _c2021 |
||
| 300 | _a432 | ||
| 650 | _aDecentralization | ||
| 942 |
_2ddc _cREF |
||
| 999 |
_c12009 _d12009 |
||